000 00281nam a2200121Ia 4500
008 190216s9999||||xx |||||||||||||| ||und||
100 _aJohn Burgess
245 0 _aMetals Ions In Solution
260 _bJohn Wiley & Sons
_c1981
300 _a481p
650 _aChemistry
942 _cBK
999 _c2650
_d2650